000
00254nam a2200121Ia 4500
100
_a
#N/A
942
_c
BK
245
_a
Turban & Leidner - Information Technology for Management
260
_b
#N/A
082
_b
22111
546
_a
ENGLISH
999
_c
26293
_d
26293